000 00677nam a2200229Ia 4500
003 OSt
005 20220926012116.0
006 a|||||r|||| 00| 0
007 ta
008 220923b |||||||| |||| 00| 0 eng d
037 _cGeneral Book
040 _aRTL
_cRTL
_beng
041 _2eng
_aeng
082 _aX9.3.N14<-M80, K7
100 _aLevine A L
_9315524
245 0 _aIndustrial retardation in Britain, 1880-1914.
260 _aNew York
_bBasic books
_c1967
300 _aix, 201p. Bib p 184-192; Appendix p 151-55.
_ccm.
650 _aIndustrial Economics
942 _hX9.3.N14<-M80, K7
_cGB
_2CC
999 _c621727
_d621727